<?xml version="1.0" encoding="UTF-8"?><?xml-stylesheet type="text/xsl" href="static/style.xsl"?><OAI-PMH xmlns="http://www.openarchives.org/OAI/2.0/" xmlns:xsi="http://www.w3.org/2001/XMLSchema-instance" xsi:schemaLocation="http://www.openarchives.org/OAI/2.0/ http://www.openarchives.org/OAI/2.0/OAI-PMH.xsd"><responseDate>2026-04-27T19:52:39Z</responseDate><request verb="GetRecord" identifier="oai:uvadoc.uva.es:10324/34982" metadataPrefix="marc">https://uvadoc.uva.es/oai/request</request><GetRecord><record><header><identifier>oai:uvadoc.uva.es:10324/34982</identifier><datestamp>2022-03-24T13:46:29Z</datestamp><setSpec>com_10324_2555</setSpec><setSpec>col_10324_2560</setSpec></header><metadata><record xmlns="http://www.loc.gov/MARC21/slim" xmlns:doc="http://www.lyncode.com/xoai" xmlns:xsi="http://www.w3.org/2001/XMLSchema-instance" xmlns:dcterms="http://purl.org/dc/terms/" xsi:schemaLocation="http://www.loc.gov/MARC21/slim http://www.loc.gov/standards/marcxml/schema/MARC21slim.xsd">
<leader>00925njm 22002777a 4500</leader>
<datafield tag="042" ind1=" " ind2=" ">
<subfield code="a">dc</subfield>
</datafield>
<datafield tag="720" ind1=" " ind2=" ">
<subfield code="a">Corell Almuzara, Alfredo</subfield>
<subfield code="e">author</subfield>
</datafield>
<datafield tag="260" ind1=" " ind2=" ">
<subfield code="c">2018</subfield>
</datafield>
<datafield tag="520" ind1=" " ind2=" ">
<subfield code="a">Se explican los principales receptores de reconocimiento de antígeno que hacen posible la fagocitosis y algunos conceptos básicos relacionados. Al final de la inmunopíldora, se plantean unas preguntas de autoevaluación.</subfield>
</datafield>
<datafield tag="024" ind2=" " ind1="8">
<subfield code="a">http://uvadoc.uva.es/handle/10324/34982</subfield>
</datafield>
<datafield ind1=" " ind2=" " tag="653">
<subfield code="a">Sistema inmunitario</subfield>
</datafield>
<datafield ind1=" " ind2=" " tag="653">
<subfield code="a">Inmunología</subfield>
</datafield>
<datafield ind1=" " ind2=" " tag="653">
<subfield code="a">Fagocitosis - Inmunología</subfield>
</datafield>
<datafield tag="245" ind1="0" ind2="0">
<subfield code="a">4.4. Células y mecanismos de la inmunidad innata</subfield>
</datafield>
</record></metadata></record></GetRecord></OAI-PMH>